000 00640nam a22002177a 4500
999 _c12824
_d12824
003 AR-CdUCM
008 190410b ||||| |||| 00| 0 spa d
040 _aMUNICIPALIDAD PROVINCIAL DEL CUSCO
_cBIBLIOTECA MUNICIPAL DEL CUSCO
082 _aES / 373.869 /
_bL86
100 _aLopez Albujar, Enrique
_96
245 _aNuevos Cuentos Andinos /
260 _aLima :
_bUniversidad San Martin de Porres,
300 _a158 paginas ;
_c16 cm.
500 _aCuentos literatura
650 _aCuentos
_9217
650 _aAndinos
_930905
650 _aLiteratura
_983
650 _aPerĂº
_935
942 _2ddc
_cLIBROS
945 _apjha
_d2019-04-10